[Event "Figueres op-A 16th"]
[Site "Figueres"]
[Date "2015.08.16"]
[Round "7"]
[White "Alarcon Casellas, Rolando"]
[Black "Di Nicolantonio, Lucas"]
[Result "1/2-1/2"]
[WhiteElo "2391"]
[BlackElo "2414"]
[PlyCount "68"]
[EventDate "2015.08.11"]
[EventType "swiss"]
[EventRounds "9"]
[EventCountry "ESP"]
[SourceTitle "EXT 2016"]
[Source "ChessBase"]
[SourceDate "2015.10.08"]
[SourceVersion "1"]
[SourceVersionDate "2015.10.08"]
[SourceQuality "1"]

1. d4 g6 2. c4 Bg7 3. Nc3 d6 4. e4 e5 5. d5 Nd7 6. g3 a5 7. h4 h5 8. Bh3 Ne7 9. Nf3 Nc5 10. Bxc8 Qxc8 11. Be3 b6 12. Bxc5 bxc5 13. Qa4+ Kf8 14. 0-0 Bh6 15. Qc2 Kg7 16. Ne1 f5 17. Ng2 fxe4 18. Nxe4 Nf5 19. f4 Nd4 20. Qd3 exf4 21. Nxf4 Bxf4 22. Rxf4 Rf8 23. Raf1 Rxf4 24. Rxf4 Qe8 25. Kg2 Rb8 26. Rf2 Qe5 27. Ng5 Rf8 28. Rxf8 Kxf8 29. Qe4 Qxe4+ 30. Nxe4 Ke7 31. Kf2 c6 32. Nc3 Kf6 33. dxc6 Nxc6 34. Ke3 Ke5 1/2-1/2